| 000 | 02596nam a2200481 a 4500 | ||
|---|---|---|---|
| 001 | 131640 | ||
| 003 | BLK | ||
| 005 | 20250127092744.0 | ||
| 008 | 180409b bul|||||r ||||||| ||bul|| | ||
| 010 | _aKNG00137467000 | ||
| 040 | _aBLK | ||
| 041 |
_aBUL _cBUL |
||
| 072 | 7 |
_2bullib _aК _xКраезнание |
|
| 072 | 7 |
_2bullib _aЦ _xРедки и ценни |
|
| 080 |
_aИстория на България _b94(497.2) _z94(497.2) |
||
| 080 |
_aГеография на България _b913(497.2) _z913(497.2) |
||
| 080 |
_aЕтнология. Етнография. Нрави. Обичаи. Бит. Фолклористика. Вж и 572 ; 903 ; 904 _b39 _x(497.2) _z39(497.2) |
||
| 100 | 1 |
_aДимитров, Георги Георгиев _eпърви автор _9322812 |
|
| 139 |
_aДимитров, Георги Георгиев _bД 58 |
||
| 245 | 1 | 0 |
_aКняжество България в историческо, географическо и етнографическо отношение _bВ 3 ч. _cГеорги Георгиев Димитров. _nЧ. 2 |
| 257 | _aBGR | ||
| 260 |
_aПловдив _bИзд. авт. _c1896 _fСофия : Придворна печ. Б. Шимачек _fПловдив : Търг. печ. |
||
| 300 |
_a539 с. _bс ил., 4 л. : портр. _c20 см |
||
| 380 | _a9 | ||
| 490 |
_9435080 _aКолекция Редки и ценни издания |
||
| 500 | _aЧ. 3 не издадена. | ||
| 650 | 0 |
_aБългария - история _9244493 |
|
| 650 | 7 |
_aБългария - география _2 _9149509 |
|
| 650 | 4 |
_aБългари - бит _9306121 |
|
| 651 | 4 |
_aБългария _9241624 |
|
| 653 | _aбългарска история | ||
| 653 | _aетнография | ||
| 760 | 1 |
_aДимитров, Георги Георгиев _dПловдив, 1896 _h539 с. : с ил., портр. _oЧ. 2 |
|
| 852 |
_aРб 896 _bРц |
||
| 852 |
_aК 94(497.2)/Д 58 Г _bК |
||
| 856 | 4 |
_qpdf _i0.00 _lreg users access _fКняжество България в историческо, географическо и етнографическо отношение _uhttp://185.138.176.146:18082/cgi-bin/koha/opac-retrieve-file.pl?id=82bc5071a559a505d7f9d66d0a056986 _xebook _zКняжество България в историческо, географическо и етнографическо отношение |
|
| 856 | 4 |
_qpdf _i0.00 _ldisable |
|
| 942 |
_cKNG _n0 _s1 |
||
| 944 |
_aCR _c17.12.2012 _lГеновева Генчева _k30560 |
||
| 944 |
_aED _c2023-04-20 _kКети |
||
| 999 |
_c131640 _d131640 |
||
| 999 | _d131640 | ||
| 999 | _d131640 | ||